| 000 | 00819cam a22002413a 4500 | ||
|---|---|---|---|
| 001 | 21682 | ||
| 003 | PGUSA | ||
| 005 | 20140828083448.0 | ||
| 008 | 070605s2007||||xxu|||||s|||||000 | eng d | ||
| 040 |
_aPGUSA _beng |
||
| 042 | _adc | ||
| 050 | 4 | _aSB | |
| 100 | 1 | _aBurr, Fearing | |
| 245 | 1 | 4 |
_aThe Field and Garden Vegetables of America : _bContaining Full Descriptions of Nearly Eleven Hundred Species and Varietes; With Directions for Propagation, Culture and Use. _h[electronic resource] / _cFearing Burr |
| 260 |
_bProject Gutenberg, _c2007 |
||
| 506 | _aPublic domain in the USA. | ||
| 516 | _aElectronic text | ||
| 653 | _aVegetables -- Varieties | ||
| 653 | _aVegetable gardening -- United States | ||
| 830 | 0 |
_aProject Gutenberg _v21682 |
|
| 856 | 4 | 0 | _uhttp://www.gutenberg.org/ebooks/21682 |
| 942 | _cEB | ||
| 999 |
_c250937 _d250937 |
||